| 000 | 00780nam a2200229Ia 4500 | ||
|---|---|---|---|
| 005 | 20250108124758.0 | ||
| 008 | 008 250107s9999 xx 000 0 hin d | ||
| 020 | _a978-93-81620-78-6 | ||
| 037 | _aTB | ||
| 040 |
_aCRL _bhin _cCRL |
||
| 041 |
_ahin _2hin |
||
| 084 | _aT4.281,e4DUjN22 R3 | ||
| 084 | _qCRL | ||
| 100 | _aधर्मदास, अनु. | ||
| 245 | 0 |
_aश्री तारतम सागर _cधर्मदास, अनु. |
|
| 260 |
_aजामनगर, भारत _bनवतनपुरी धाम _c2164 |
||
| 365 |
_aINR _b0 |
||
| 490 | _vभाग 1 | ||
| 650 |
_aहिन्दी कविताभारतीय साहित्य _9729733 |
||
| 942 |
_cTB _hT4.281,e4DUjN22 R3 |
||
| 999 |
_c1234552 _d1234552 |
||